| Поле | Инд. | ПП | Название | Значение |
|---|---|---|---|---|
| Тип записи | a | |||
| Библиографический уровень | b | |||
| 001 | Контрольный номер | UNIDUBNA1925d831b8cc4ce389839ef30f6db712 | ||
| 005 | Дата корректировки | 20250409170259.2 | ||
| 008 | Кодируемые данные | 20170331 | ||
| 040 | b | Код языка каталог. | rus | |
| e | Правила каталог. | PSBO | ||
| 041 | 0_ | a | Код языка текста | rus |
| 084 | a | Индекс другой классификации/Индекс ББК | 60.991.3-35; 88.93; 88.94 | |
| 100 | 1_ | a | Автор | Антонова Л. И. |
| 100 | 1_ | a | Автор | Новоченко С. Ю. |
| 245 | 10 | a | Заглавие | Использование инновационных технологий в театрализованной деятельности как средство раскрытия индивидуально-личностного потенциала детей и подростков в условиях социально-реабилитационного центра |
| 504 | a | Библиография | Лит в конце статьи. | |
| 520 | 0_ | a | Аннотация | Рассказывается об инновационных технологиях, применяемых в работе творческого театрального коллектива в процессе театрализованной деятельности для раскрытия индивидуально-личностного потенциала, совершенствования коммуникативных и импровизационных способностей детей и подростков в условиях социально-реабилитационного центра. Рассмотрены следующие инновационные технологии: технология коллективного взаимодействия, технология сотрудничества, технология импровизации и игровая технология. |
| 650 | 14 | a | Основная рубрика | практическая психология (прикладная психология) |
| a | Основная рубрика | психокоррекция | ||
| a | Основная рубрика | психология | ||
| a | Основная рубрика | психотерапия | ||
| a | Основная рубрика | социальная работа | ||
| 653 | 0_ | a | Ключевые слова | анимационные танцы |
| a | Ключевые слова | досуг | ||
| a | Ключевые слова | индивидуальный подход | ||
| a | Ключевые слова | инновационные технологии | ||
| a | Ключевые слова | коллективное взаимодействие | ||
| a | Ключевые слова | коммуникативные способности | ||
| a | Ключевые слова | комплексная реабилитация | ||
| a | Ключевые слова | коррекционно-реабилитационная работа | ||
| a | Ключевые слова | личностный потенциал | ||
| a | Ключевые слова | несовершеннолетние | ||
| a | Ключевые слова | плейбэк театр | ||
| a | Ключевые слова | подростки | ||
| a | Ключевые слова | психосоциальная реабилитация | ||
| a | Ключевые слова | развивающая среда | ||
| a | Ключевые слова | развитие личности | ||
| a | Ключевые слова | развитие чувств | ||
| a | Ключевые слова | реабилитационные технологии | ||
| a | Ключевые слова | сотрудничество | ||
| a | Ключевые слова | социализация | ||
| a | Ключевые слова | социальная интеграция | ||
| a | Ключевые слова | социальная реабилитация | ||
| a | Ключевые слова | социальное сопровождение | ||
| a | Ключевые слова | социально-реабилитационные центры | ||
| a | Ключевые слова | социальные проекты | ||
| a | Ключевые слова | творчество | ||
| a | Ключевые слова | театрализованная деятельность | ||
| a | Ключевые слова | театрализованные игры | ||
| a | Ключевые слова | технология импровизации | ||
| a | Ключевые слова | трудная жизненная ситуация | ||
| 773 | 08 | t | Заглавие источника | Работник социальной службы |
| d | Дата издания источника | 2023 | ||
| g | Прочая информация | № 5. - С. 68 - 76 | ||
| w | Контрольный № источника | UNIDUBNAee29d0d809f141f5aaf6905265ca30a0 | ||
| 901 | t | Тип документа | b |